Airlines By Main Hub - Statistics

General Stats
  • This quiz has been taken 2,115 times
    1,925 since last reset
  • The average score is 18 of 26
Answer Stats
Hub Airline % Correct
Doha Qatar Airways
96%
Dallas Fort Worth American Airlines
95%
Atlanta Delta Airlines
95%
Frankfurt Lufthansa
95%
Chicago United Airlines
91%
Amsterdam KLM
89%
Madrid Iberia
87%
Dallas Love Southwest Airlines
83%
Abu Dhabi Etihad Airways
82%
Rome Alitalia
79%
Hong Kong Cathay Pacific
78%
Mexico City Aero Mexico
76%
Warsaw LOT Polish
76%
Seattle Alaska Airlines
74%
New York-JFK JetBlue
72%
Santiago LATAM
72%
Bogota Avianca
65%
Calgary WestJet
64%
Denver Frontier Airlines
58%
Jakarta Garuda Indonesia
58%
Amman Royal Jordanian
54%
Beirut MEA
41%
Brisbane Virgin Australia
41%
Minneapolis Sun Country
30%
Port of Spain Caribbean Air
28%
Guangzhou China Southern Airlines
24%
No matching quizzes found
Score Distribution
Percent of People with Each Score
Percentile by Number Answered
Your Score History
You have not taken this quiz since the last reset